Top 10 New Year's Resolutions which get Broken - Statistics

General Stats
  • This quiz has been taken 489 times
  • The average score is 4 of 10
Answer Stats
Resolution Keyword % Correct
Lose Weight and Get Fit Weight
87%
Drink Less Drinking
66%
Quit Smoking Smoking
56%
Eat Healthier and Diet Diet
55%
Get out of Debt and Save Money Money
41%
Spend More Time with Family Family
30%
Travel to New Places Travel
30%
Learn Something New Learn
17%
Volunteer More Volunteer
9%
Be Less Stressed Stress
2%
No matching quizzes found
Score Distribution
Percent of People with Each Score
Percentile by Number Answered
Your Score History
You have not taken this quiz